| Поле | Инд. | ПП | Название | Значение |
|---|---|---|---|---|
| Тип записи | a | |||
| Библиографический уровень | b | |||
| 001 | Контрольный номер | 433d401e93284991a45d2f05662a41c0 | ||
| 005 | Дата корректировки | 20241203140353.5 | ||
| 080 | a | Индекс УДК | 621.548 | |
| 097 | b | Оператор | *Плё* | |
| 100 | 1_ | a | Автор | Зоренко Д.А. |
| 245 | 10 | a | Заглавие | Износ стальных охватывающих направляющих станков, работающих в контакте с керамическими МДО-покрытиями |
| p | Название части/ раздела | - Текст : электронный | ||
| b | Продолж. заглавия | статья | ||
| 260 | a | Место издания | Тверь | |
| b | Издательство | ТвГТУ | ||
| c | Дата издания | 2024 | ||
| 520 | 0_ | a | Аннотация | Рассмотрены механизмы и особенности работы стальных деталей в условиях сухого и граничного трения в паре с самосмазывающимися анодно-искровыми покрытиями с частицами дисульфида молибдена и графита. Показана зависимость линейной интенсивности изнашивания от контактного давления. |
| 653 | 0_ | a | Ключевые слова | Трение и износ |
| a | Ключевые слова | Твердосмазочные покрытия | ||
| a | Ключевые слова | Анодно-искровое оксидирование | ||
| a | Ключевые слова | Самосмазывающиеся покрытия | ||
| 773 | 18 | w | Контрольный № источника | 48e5b62063be4c66b648ecbdb936c832 |
| t | Название источника | Механика и физика процессов на поверхности и в контакте твердых тел, деталей технологического и энергетического оборудования | ||
| d | Место и дата издания | Тверь : ТвГТУ, 2024 | ||
| g | Прочая информация | Вып. 17. - С. 100-105 | ||
| 900 | a | Имя макрообъекта | 001-000164133-000000000-0000-0000-01 | |
| 901 | t | Тип документа | b | |
| 950 | a | Редактор записи | мс | |
| 951 | i | EL-ТГТУ? | да |